| 000 | 003980000a22001690004500 | ||
|---|---|---|---|
| 003 | LK-CoMWRAF | ||
| 008 | 230817t ||||| |||| 00| 0 eng d | ||
| 040 |
_aLK-CoMWRAF _dLK-CoMWRAF _eLK-CoMWRAF |
||
| 041 | _aeng | ||
| 082 |
_a021 _bDAN |
||
| 100 | _aDanial, K | ||
| 245 |
_aAdimaikal _b |
||
| 260 |
_aMadras _bAlaikal velyeettakam _c1995 |
||
| 300 | _ap.272 | ||
| 650 | _aliterature | ||
| 942 | _cBK | ||
| 999 |
_c2663 _d2663 |
||